| 000 | 00747nam a22002177a 4500 | ||
|---|---|---|---|
| 003 | 0 | ||
| 005 | 20241114131816.0 | ||
| 008 | 241114b xxu||||| |||| 00| 0 eng d | ||
| 020 | _a9789811285615 | ||
| 050 |
_aLB 1028.3 _b.T43 2024 |
||
| 245 |
_aTeaching and learning in the digital era : _bissues and studies / |
||
| 260 |
_aSingapore : _bWorld Scientific Publishing Co. Pte. Ltd., _cc2024. |
||
| 300 |
_axii, 350 p. : _bill. ; _c24 cm. |
||
| 504 | _aIncludes bibliographical references and index. | ||
| 650 |
_aEducation _vEffect of technological innovations on. |
||
| 650 | _aEducational innovations. | ||
| 650 | _aInternet in education. | ||
| 650 | _aWeb-based instruction. | ||
| 650 | _aComputer-assisted instruction. | ||
| 942 |
_2lcc _cBK |
||
| 999 |
_c366714 _d366714 |
||